MARC

LEADER 00000nam0a2200000 4500
001 157092
005 20231031153519.0
035 |a (RuTPU)RU\TPU\book\170376 
035 |a RU\TPU\book\133411 
090 |a 157092 
100 |a 20090403d1960 k y0rusy50 ca 
101 0 |a rus 
102 |a RU 
105 |a a g 001zy 
200 1 |a Справочник горного инженера  |f Р. А. Калнин [и др.]  |g под ред. В. К. Бучнева 
210 |a Москва  |c Госгортехиздат  |d 1960 
215 |a 790 с.  |c ил. 
320 |a Библиогр. в конце разд. 
610 1 |a горное дело 
610 1 |a буровзрывные работы 
610 1 |a горные выработки 
610 1 |a давление 
610 1 |a крепление 
610 1 |a проветривание 
610 1 |a шахты 
610 1 |a горные машины 
610 1 |a подземный транспорт 
610 1 |a горная механика 
610 1 |a электроснабжение 
610 1 |a ремонтное хозяйство 
610 1 |a экономика 
610 1 |a справочники 
675 |a 622(035)  |v 3 
701 1 |a Калнин  |b Р. А. 
701 1 |a Бучнев  |b В. К.  |g Валериан Константинович 
701 1 |a Кораблев  |b А. А. 
701 1 |a Монин  |b Г. И. 
701 1 |a Беляев  |b В. С. 
701 1 |a Меркулов  |b В. Е. 
701 1 |a Алексеенко  |b В. Д. 
702 1 |a Бучнев  |b В. К.  |g Валериан Константинович  |4 340 
801 1 |a RU  |b 63413507  |c 20071012  |g PSBO 
801 2 |a RU  |b 63413507  |c 20151028  |g PSBO 
942 |c BK